000 00461nam a2200169 4500
001 1591
005 20230411085950.0
008 060907n1997 dr spa
020 _a0684811413
035 _9funglode1599
041 _aEN
100 _aGreider, William
245 1 _aOne world or not :
_bthe manic logic of global capitalism /
_cWilliam Greider
260 _aNew York :
_bSimon & Schuster,
_c1997
300 _a528 p.
942 _2lcc
_cbk
999 _c110118
_d110118